<?xml version="1.0" encoding="UTF-8"?>
<collection xmlns="http://www.loc.gov/MARC21/slim">
<record>
  <controlfield tag="001">234135</controlfield>
  <controlfield tag="005">20200923173106.0</controlfield>
  <datafield tag="024" ind1="7" ind2=" ">
    <subfield code="a">G:(DE-Juel1)jics80_20191101</subfield>
    <subfield code="2">I:(DE-Juel1)JSC-20090406</subfield>
  </datafield>
  <datafield tag="035" ind1=" " ind2=" ">
    <subfield code="a">G:(DE-Juel1)jics80_20191101</subfield>
  </datafield>
  <datafield tag="150" ind1=" " ind2=" ">
    <subfield code="a">1/f DNA Hydrogen-Bond Energy Noise (DNA noise)</subfield>
    <subfield code="y">2019-11-01 - 2020-10-31</subfield>
  </datafield>
  <datafield tag="371" ind1=" " ind2=" ">
    <subfield code="a">Vitusevich, Svetlana</subfield>
    <subfield code="c">Institute of Complex Systems - Bioelektronik</subfield>
    <subfield code="b">Juelich</subfield>
    <subfield code="e">52428</subfield>
    <subfield code="d">Germany</subfield>
  </datafield>
  <datafield tag="372" ind1=" " ind2=" ">
    <subfield code="a">1/f DNA Hydrogen-Bond Energy Noise (DNA noise)</subfield>
    <subfield code="s">2019-11-01</subfield>
    <subfield code="t">2020-10-31</subfield>
  </datafield>
  <datafield tag="510" ind1="1" ind2=" ">
    <subfield code="a">VSR/JARA</subfield>
    <subfield code="w">t</subfield>
  </datafield>
  <datafield tag="680" ind1=" " ind2=" ">
    <subfield code="a">JSC computation time grant</subfield>
  </datafield>
  <datafield tag="681" ind1=" " ind2=" ">
    <subfield code="a">201 - Basic Biological and Medical Research</subfield>
  </datafield>
  <datafield tag="909" ind1="C" ind2="O">
    <subfield code="o">oai:juser.fz-juelich.de:884567</subfield>
    <subfield code="p">authority:GRANT</subfield>
    <subfield code="p">authority</subfield>
  </datafield>
  <datafield tag="980" ind1=" " ind2=" ">
    <subfield code="a">G</subfield>
  </datafield>
  <datafield tag="980" ind1=" " ind2=" ">
    <subfield code="a">AUTHORITY</subfield>
  </datafield>
  <datafield tag="909" ind1="C" ind2="O">
    <subfield code="o">oai:juser.fz-juelich.de:884567</subfield>
  </datafield>
</record>
</collection>